College Quizbowl Stats
College Quizbowl Stats
Circuits
Seasons
Sets
Records
Detailed Stats
About
Loading...
Lower Midwest
Tossups
Bonuses
Players
Teams
Categories (Tossup)
Categories (Bonus)
Diana Risley
WUSTL C
Categories
Category
Powers
Gets
Negs
BBs
Points
Earliest Buzz
Avg. Buzz
First Buzzes
Top 3 Buzzes
BPA
PVF
Geography
0
1
0
0
10
116
116.00
0
1
0.00
0.00
History - American
0
1
0
1
10
126
126.00
0
0
0.00
0.00
Popular Culture
0
1
0
1
10
138
138.00
0
1
0.00
0.00
Literature - British
0
0
1
0
-5
0.00
0
0
0.00
0.00
Buzzes
Category
Answer
Value
Buzz Position
Literature - British
Kazuo Ishiguro
-5
46
Geography
Argentina
10
116
History - American
roads
10
126
Popular Culture
US Open Tennis Championships
10
138
Previous
1
Next